000 00764nam a22002537a 4500
001 58982
003 UA-OsUOA
005 20210718114130.0
007 ta
008 20090304b un ||||| |||| 00| 0 ukr d
020 _a9665781022
040 _aUA-OsUOA
_bukr
_cUA-OsUOA
_dUA-OsUOA
041 _aukr
080 _a821.161.2
090 _a821.161.2
_bВ27
100 _aВеличковський І.
245 _aПовне зібрання творів: дзигар цілий і напівдзигарик
260 _aК.
_bДніпро
_c2004
300 _a192 с.
650 7 _a82 Література. Літературознавство
_2UDC
942 _cBK
_2udc
955 _a0
999 _c345086
_d345086